书目信息 |
| 题名: |
货物采购与检验
|
|
| 作者: | 李琦业 | |
| 分册: | ||
| 出版信息: | 北京 中国物资出版社 2004 |
|
| 页数: | 406 | |
| 开本: | 23cm | |
| 丛书名: | ||
| 单 册: | ||
| 中图分类: | F253.2 | |
| 科图分类: | ||
| 主题词: | 物资经济 | |
| 电子资源: | ||
| ISBN: | 7-5047-2052-6 | |
| 000 | 00494nam0 2200181 450 | |
| 001 | 0760515518 | |
| 005 | 20070817164835.51 | |
| 010 | @a7-5047-2052-6@d¥38.00 | |
| 100 | @a20070817d km y0chiy0120 ea | |
| 101 | 0 | @achi |
| 200 | 1 | @a货物采购与检验@Ahuo wu cai gou yu jian yan@f李琦业@Fli qi ye |
| 210 | @a北京@c中国物资出版社@d2004 | |
| 215 | @a406@d23cm | |
| 606 | 0 | @a物资经济 |
| 690 | @aF253.2@v3 | |
| 701 | 0 | @a李琦业@Ali qi ye |
| 801 | 0 | @aCN@bPFT@c20070817 |
| 905 | @a213230@dF253.2@eg40@f1 | |
| 货物采购与检验/李琦业.-北京:中国物资出版社,2004 |
| 406;23cm |
| ISBN 7-5047-2052-6:¥38.00 |
| ● |
| 相关链接 |
|
|
|
|
正题名:货物采购与检验
索取号:F253.2/g40
 
预约/预借
| 序号 | 登录号 | 条形码 | 馆藏地/架位号 | 状态 | 备注 |
| 1 | 6501916 | 265019160 | 密集书库-海洋学院/ [索取号:F253.2/g40] | 在馆 |